|
|
|
|
| LEADER |
00000nam0a2200000 4500 |
| 001 |
3264 |
| 005 |
20231101204312.0 |
| 010 |
|
|
|a 5874860354
|
| 035 |
|
|
|a (RuTPU)RU\TPU\book\3280
|
| 035 |
|
|
|a BOOK00003288
|
| 090 |
|
|
|a 3264
|
| 100 |
|
|
|a 20011209d1996 km y0rusy50 ca
|
| 101 |
0 |
|
|a rus
|a eng
|
| 102 |
|
|
|a RU
|
| 105 |
|
|
|a y e 001zy
|
| 200 |
1 |
|
|a Экономико-математический словарь
|e словарь современной экономической науки
|f Л. И. Лопатников
|
| 205 |
|
|
|a 4-е изд., перераб. и доп.
|
| 210 |
|
|
|a Москва
|c ABF
|d 1996
|
| 215 |
|
|
|a 701 с.
|
| 320 |
|
|
|a Приложение: с. 643-701
|
| 606 |
1 |
|
|a Экономика
|x Математические методы
|2 stltpush
|3 (RuTPU)RU\TPU\subj\80754
|9 88355
|
| 610 |
1 |
|
|a экономика
|
| 610 |
1 |
|
|a эконометрия
|
| 610 |
1 |
|
|a экономико-математическое моделирование
|
| 610 |
1 |
|
|a исследование операций
|
| 610 |
1 |
|
|a менеджмент
|
| 610 |
1 |
|
|a экономическая информатика
|
| 610 |
1 |
|
|a персоналии
|
| 610 |
1 |
|
|a словари
|
| 686 |
|
|
|a Ув631я2
|v LBC/SL-A
|2 rubbk
|
| 700 |
|
1 |
|a Лопатников
|b Л. И.
|g Леонид Исидорович
|
| 801 |
|
0 |
|a RU
|b 63413507
|c 20011209
|g PSBO
|
| 801 |
|
2 |
|a RU
|b 63413507
|c 20221013
|g PSBO
|
| 942 |
|
|
|c BK
|